00777nam a2200229 a 450000100060000000300090000600500170001500800410003203500180007304000280009104100080011908200270012710000250015424500740017926000330025330000320028650400230031861000390034194200120038099900170039295201380040952713BD-RJUL 20211209075841.0160926s1965 enkaf b 000 0 eng d aBD-RJUL 52833 aDLCcXBMdSERdEQObeng aeng 223 a359.14bMOU 1965 1 aMollo, John.915764610aUniforms of the Royal Navy during the Napoleonic Wars / cJohn Mollo  aLondon :bH. Evelyn,c[1965] a42 p. :bill. ;c26 x 38 cm aBibliography: p. 310aGreat Britain.bRoyal Navy9148531 2ddccBK c52713d52713 00102ddc40708NFICaRUCLbRUCLcStackd1969-10-07eZeetlingerg63.00l0o359.14 MOU 1965r2016-09-26 00:00:00tC-2w2016-09-26yBK